Kỹ thuật gia công kim hoàn /

Luyện kim; Các kỹ thuật cơ bản; Gia công bề mặt; Các kỹ thuật nâng cao; Các bước thực hiện sản phẩm; Các loại nữ trang.

Uloženo v:
Podrobná bibliografie
Hlavní autor: Codina, Carles.
Další autoři: Cusick, Dawn., Trần Thế San (dịch.), Nguyễn Thành Phương (dịch.)
Médium: Kniha
Jazyk:Vietnamese
English
Vydáno: Đà Nẵng : Nxb Đà Nẵng, 2003.
Témata:
Tagy: Přidat tag
Žádné tagy, Buďte první, kdo otaguje tento záznam!
Thư viện lưu trữ: Mạng thư viện Đại học Đà Nẵng
LEADER 01404cam a2200385 a 4500
001 000043989
003 2140
005 20060425103654.0
008 010217b2003 vm 000 vie
020 |c 100000 
040 |a LRC  |c LRC  |d LRC 
041 1 |a vie  |h eng 
082 1 4 |a 739  |b CO-C 
100 1 |a Codina, Carles. 
245 1 0 |a Kỹ thuật gia công kim hoàn /  |c Carles Codina, Dawn Cusick ; Trần Thế San, Nguyễn Thành Phương dịch. 
260 |a Đà Nẵng :  |b Nxb Đà Nẵng,  |c 2003. 
300 |a 136 tr. :  |b col. ill. ;  |c 30 cm. 
520 3 |a Luyện kim; Các kỹ thuật cơ bản; Gia công bề mặt; Các kỹ thuật nâng cao; Các bước thực hiện sản phẩm; Các loại nữ trang. 
630 0 4 |a Kim hoàn. 
650 0 4 |a Kim hoàn  |x Công nghệ. 
700 1 |a Cusick, Dawn. 
700 1 |a Trần Thế San,  |e dịch. 
700 1 |a Nguyễn Thành Phương,  |e dịch. 
OWN |a DUT 
AVA |a UDN50  |b DUT  |c Book  |d 739 CO-C  |e available  |t Error 5001 Not defined in file expand_doc_bib_avail.  |f 5  |g 0  |h N  |i 0  |j SH  |k 1 
999 |a From the UDN01 
AVA |a UDN50  |b DUT  |c Book  |d 739 CO-C  |e available  |t Error 5001 Not defined in file expand_doc_bib_avail.  |f 5  |g 0  |h N  |i 0  |j SH  |k 1 
TYP |a Monograph 
TYP |a Printed language 
980 |a Mạng thư viện Đại học Đà Nẵng